<?xml version="1.0" encoding="UTF-8"?>
<record
    xmlns:xsi="http://www.w3.org/2001/XMLSchema-instance"
    xsi:schemaLocation="http://www.loc.gov/MARC21/slim http://www.loc.gov/standards/marcxml/schema/MARC21slim.xsd"
    xmlns="http://www.loc.gov/MARC21/slim">

  <leader>01574    a2200253   4500</leader>
  <controlfield tag="001">61134</controlfield>
  <controlfield tag="005">20260407155902.0</controlfield>
  <controlfield tag="008">260407a1996    arg                 spa d</controlfield>
  <controlfield tag="003">AR-UNSa-BCEJYS</controlfield>
  <datafield tag="040" ind1=" " ind2=" ">
    <subfield code="a">AR-UNSa-BCEJYS</subfield>
    <subfield code="b">spa</subfield>
    <subfield code="c">AR-UNSa-BCEJYS</subfield>
  </datafield>
  <datafield tag="080" ind1=" " ind2=" ">
    <subfield code="a">658</subfield>
    <subfield code="x">Administraci&#xF3;n de empresas. Organizaci&#xF3;n comercial</subfield>
  </datafield>
  <datafield tag="245" ind1="1" ind2="0">
    <subfield code="a">Administraci&#xF3;n</subfield>
  </datafield>
  <datafield tag="020" ind1=" " ind2=" ">
    <subfield code="a">978-968-880-705-7</subfield>
  </datafield>
  <datafield tag="250" ind1=" " ind2=" ">
    <subfield code="a">5a. ed.</subfield>
  </datafield>
  <datafield tag="264" ind1=" " ind2="1">
    <subfield code="a">M&#xE9;xico :</subfield>
    <subfield code="b">Prentice-Hall Hispanoamericana</subfield>
    <subfield code="c">1996</subfield>
  </datafield>
  <datafield tag="300" ind1=" " ind2=" ">
    <subfield code="a">xxiv, 770 p.</subfield>
    <subfield code="c">25 cm.</subfield>
  </datafield>
  <datafield tag="505" ind1=" " ind2=" ">
    <subfield code="a">1. Los gerentes y la administraci&#xF3;n - 2. La evoluci&#xF3;n de la administraci&#xF3;n &#x2013; 3. La cultura organizacional y el entorno: Las restricciones &#x2013; 4. Administraci&#xF3;n en un entorno global &#x2013; 5. Responsabilidad social y &#xE9;tica gerencial &#x2013; 6. Toma de decisiones: La esencia de la labor del gerente &#x2013; 7. Fundamentos de la planificaci&#xF3;n &#x2013; 8. Administraci&#xF3;n estrat&#xE9;gica &#x2013; 9. Herramientas y t&#xE9;cnicas de planificaci&#xF3;n &#x2013; 10. Estructura y dise&#xF1;o de la organizaci&#xF3;n &#x2013; 11. Administraci&#xF3;n de recursos humanos &#x2013; 12. Administraci&#xF3;n del cambio y la innovaci&#xF3;n &#x2013; 13. Fundamentos del comportamiento &#x2013; 14. Estudio de grupos y equipos &#x2013; 15. C&#xF3;mo motivar a los empleados &#x2013; 16. Liderazgo &#x2013; 17. Comunicaci&#xF3;n y habilidades interpersonales &#x2013; 18. Fundamentos del control &#x2013; 19. Administraci&#xF3;n de operaciones &#x2013; 20. Herramientas y t&#xE9;cnicas de control - </subfield>
  </datafield>
  <datafield tag="041" ind1=" " ind2=" ">
    <subfield code="a">spa</subfield>
  </datafield>
  <datafield tag="942" ind1=" " ind2=" ">
    <subfield code="c">BK</subfield>
  </datafield>
  <datafield tag="590" ind1=" " ind2=" ">
    <subfield code="a">niveau_biblio:m niveau_hierar:0</subfield>
  </datafield>
  <datafield tag="100" ind1="1" ind2=" ">
    <subfield code="a">Robbins, Stephen P.</subfield>
  </datafield>
  <datafield tag="700" ind1="1" ind2=" ">
    <subfield code="a">Coulter, Mary</subfield>
  </datafield>
  <datafield tag="700" ind1="1" ind2=" ">
    <subfield code="a">Ortiz Staines, Manuel</subfield>
  </datafield>
  <datafield tag="999" ind1=" " ind2=" ">
    <subfield code="c">7238</subfield>
    <subfield code="d">7238</subfield>
  </datafield>
  <datafield tag="952" ind1=" " ind2=" ">
    <subfield code="0">0</subfield>
    <subfield code="1">0</subfield>
    <subfield code="4">0</subfield>
    <subfield code="7">0</subfield>
    <subfield code="a">BCEJYS</subfield>
    <subfield code="b">BCEJYS</subfield>
    <subfield code="c">16</subfield>
    <subfield code="d">2026-04-07</subfield>
    <subfield code="l">0</subfield>
    <subfield code="o">658 R631 5ed.</subfield>
    <subfield code="p">L129314</subfield>
    <subfield code="r">2026-04-07 15:59:02</subfield>
    <subfield code="w">2026-04-07</subfield>
    <subfield code="y">L</subfield>
    <subfield code="z">P&#xC1;GINAS HUMEDAS EN EXTREMO SUPERIOR DERECHO DESDE PAG. 755</subfield>
  </datafield>
</record>
